MARC

LEADER 00000nam a2200000Ia 4500
001 23064
008 160829s1880 xx 000 0 cat d
080 |a RF-16-33 
245 |a OEuvre des Vieux Vêtements :  |b  fondée a Bruxelles en 1877 :  |b  Exposition Nationale de 1880 
260 |a Bruxelles :  |b Imprimerie de Ve Julien Baertsoen, succr de Bols-Wittouck,  |c 1880 
300 |a 19 p., 1 f. plegat ;  |c 24 cm 
590 |a A la portada: Multa Paucies.  
590 |a Inclou dedicatòria i signatura manuscrita del secretari del consell d'administració, Th. Absil-Chatel.  
590 |a Prové de la caixeta de Casa de Caritat, any 1880, núm. 2263 
650 |a Infants  |x Protecció, assistència, etc.  |x Brusel·les  |x Exposicions   |9 41391 
650 |a Roba infantil  |x Exposicions   |9 41392 
650 |a OEuvre des Vieux Vêtements  |x Estatuts  |9 41393 
856 4 |u https://media.diba.cat/diba/fitxers/arxiu/fulletons/bib_23064_1800_baixa.pdf  |y Accés lliure 
856 4 |u https://media.diba.cat/diba/fitxers/arxiu/fulletons/bib_23064_1800_baixa.pdf  |y Accés lliure 
901 |a Arxiu 
942 |n 1  |2 udc 
952 |0 0  |1 0  |4 0  |6 RF1633  |7 1  |9 50187  |a Arxiu  |b Arxiu  |d 2016-12-01  |l 0  |o RF-16-33  |p 23064  |r 2016-12-01 00:00:00  |w 2016-12-01  |y ARXIU 
999 |c 54029  |d 54029 
900 |a bib_23064_1800_baixa.pdf